| 000 | 00538nam a22001697a 4500 | ||
|---|---|---|---|
| 005 | 20251108165533.0 | ||
| 008 | 250721s1998 xx 000 0 ara d | ||
| 082 | 1 | 4 | _aم/413.125/جدع |
| 100 | 1 | _aالجدع، أحمد | |
| 245 | 1 | 0 |
_aمعاني أسماء الصحابة : _bمن سجل أمجادنا نختار أسماءنا / |
| 264 | 1 |
_aعمان : _bدار الضياء، _c1998. |
|
| 300 | _a296ص | ||
| 650 | 1 | 7 | _aالأسماء العربية |
| 650 | 1 | 7 | _aمعاجم المفردات |
| 942 |
_2ddc _cREF |
||
| 999 |
_c30258 _d30258 |
||